Стабилизация плотности энергии мощного ионного пучка в ускорителе ТЕМП-4М; Перспективы развития фундаментальных наук
| Parent link: | Перспективы развития фундаментальных наук.— 2015.— [С. 200-202] |
|---|---|
| Glavni autor: | |
| Autor kompanije: | |
| Daljnji autori: | , |
| Sažetak: | Заглавие с экрана Thepaperpresentsthe resultsofa study of stability of energy density distribution over the cross section in the mip series of pulses. The experiments were carried out with the TEMP-4M ion accelerator, which consist of a capacitive storage - Marx generator, a water Blumlein pulse forming line and a diode with self magneticinsulation .We have found that when the primary spark gap, and in a controlled manner when starting pulse of negative polarity energy density distribution in the cross section IPI varies from pulse to pulse in the pulse series marginally. |
| Jezik: | ruski |
| Izdano: |
2015
|
| Serija: | Физика |
| Teme: | |
| Online pristup: | http://earchive.tpu.ru/handle/11683/19146 http://www.lib.tpu.ru/fulltext/c/2015/C21/056.pdf |
| Format: | Elektronički Poglavlje knjige |
| KOHA link: | https://koha.lib.tpu.ru/cgi-bin/koha/opac-detail.pl?biblionumber=612959 |
MARC
| LEADER | 00000naa2a2200000 4500 | ||
|---|---|---|---|
| 001 | 612959 | ||
| 005 | 20231101132731.0 | ||
| 035 | |a (RuTPU)RU\TPU\conf\11090 | ||
| 035 | |a RU\TPU\conf\11083 | ||
| 090 | |a 612959 | ||
| 100 | |a 20150702d2015 k y0rusy50 ca | ||
| 101 | 0 | |a rus |d eng | |
| 102 | |a RU | ||
| 105 | |a a z 101zy | ||
| 135 | |a drcn ---uucaa | ||
| 181 | 0 | |a i | |
| 182 | 0 | |a b | |
| 200 | 1 | |a Стабилизация плотности энергии мощного ионного пучка в ускорителе ТЕМП-4М |d Stability of energy density distribution over the cross section in the mip series of pulses |f В. Г. Пак, И. П. Хайлов |g науч. рук. А. И. Пушкарев | |
| 203 | |a Текст |c электронный | ||
| 215 | |a 1 файл(598 Кб) | ||
| 225 | 1 | |a Физика | |
| 230 | |a Электронные текстовые данные (1 файл: 598 Кб) | ||
| 300 | |a Заглавие с экрана | ||
| 320 | |a [Библиогр.: с. 202 (4 назв.)] | ||
| 330 | |a Thepaperpresentsthe resultsofa study of stability of energy density distribution over the cross section in the mip series of pulses. The experiments were carried out with the TEMP-4M ion accelerator, which consist of a capacitive storage - Marx generator, a water Blumlein pulse forming line and a diode with self magneticinsulation .We have found that when the primary spark gap, and in a controlled manner when starting pulse of negative polarity energy density distribution in the cross section IPI varies from pulse to pulse in the pulse series marginally. | ||
| 337 | |a Adobe Reader | ||
| 463 | 1 | |0 (RuTPU)RU\TPU\conf\10376 |t Перспективы развития фундаментальных наук |l Prospects of fundamental sciences development |o сборник научных трудов XII Международной конференция студентов и молодых ученых, г. Томск, 21-24 апреля 2015 г. |f Национальный исследовательский Томский политехнический университет (ТПУ) ; Национальный исследовательский Томский государственный университет (ТГУ) ; Томский государственный архитектурно-строительный университет (ТГАСУ) ; Томский государственный университет систем управления и радиоэлектроники (ТУСУР) ; ред. кол. И. А. Курзина ; Г. А. Воронова ; С. А. Поробова |v [С. 200-202] |d 2015 | |
| 510 | 1 | |a Stability of energy density distribution over the cross section in the mip series of pulses |z eng | |
| 610 | 1 | |a электронный ресурс | |
| 610 | 1 | |a труды учёных ТПУ | |
| 610 | 1 | |a стабилизация | |
| 610 | 1 | |a плотность | |
| 610 | 1 | |a энергия | |
| 610 | 1 | |a ионные пучки | |
| 610 | 1 | |a ускорители | |
| 610 | 1 | |a ТЕМП-4М | |
| 700 | 1 | |a Пак |b В. Г. |c физик |c техник Томского политехнического университета |f 1992- |g Вадим Гехович |2 stltpush |3 (RuTPU)RU\TPU\pers\32446 | |
| 701 | 1 | |a Хайлов |b И. П. |c физик |c инженер-исследователь Томского политехнического университета |f 1990- |g Илья Павлович |2 stltpush |3 (RuTPU)RU\TPU\pers\30660 | |
| 702 | 1 | |a Пушкарев |b А. И. |c физик |c профессор Томского политехнического университета, доктор физико-математических наук |c старший научный сотрудник НИИ ВН Томского политехнического университета |f 1954- |g Александр Иванович |2 stltpush |4 727 | |
| 712 | 0 | 2 | |a Национальный исследовательский Томский политехнический университет (ТПУ) |b Институт физики высоких технологий (ИФВТ) |b Лаборатория № 1 |h 6378 |2 stltpush |3 (RuTPU)RU\TPU\col\19035 |
| 801 | 1 | |a RU |b 63413507 |c 20101016 | |
| 801 | 2 | |a RU |b 63413507 |c 20210128 |g RCR | |
| 856 | 4 | |u http://earchive.tpu.ru/handle/11683/19146 | |
| 856 | 4 | |u http://www.lib.tpu.ru/fulltext/c/2015/C21/056.pdf | |
| 942 | |c BK | ||